| 000 | 00590nam a2200193 a 4500 | ||
|---|---|---|---|
| 001 | 000015237 | ||
| 005 | 20240530073917.0 | ||
| 008 | 100203s1972 dr 000 f spa d | ||
| 040 |
_aDO-SdBNP _bspa _cBNPHU |
||
| 082 |
_aRD864.44 _bC762v |
||
| 100 | 1 |
_aContÃn, Silvestre Emilio, _d1904- _934485 |
|
| 245 | 1 | 4 | _aLos violentos: (historia de Bernardo Rod... Paiardo). |
| 260 |
_aSanto Domingo : _b[s.n.], _c1972. |
||
| 300 |
_a113 p. ; _c23 cm. |
||
| 650 | 0 |
_aNovela dominicana _9223 |
|
| 650 | 0 |
_aLiteratura dominicana. _967 |
|
| 910 | _aValidado. Control de calidad BNPHU | ||
| 049 | _aBNPD | ||
| 999 |
_c14806 _d14806 |
||